Language and gender: making the difference
Uloženo v:
| Hlavní autor: | |
|---|---|
| Médium: | Kniha |
| Jazyk: | angličtina |
| Vydáno: |
Oxford
Oxford University
1989
|
| Edice: | Language education
|
| Témata: | |
| Tagy: |
Přidat tag
Žádné tagy, Buďte první, kdo vytvoří štítek k tomuto záznamu!
|
MARC
| LEADER | 00000nam a2200000 a 4500 | ||
|---|---|---|---|
| 001 | UCX0655 | ||
| 003 | CL-VaPUC | ||
| 008 | 900103e19890000UK |||||||||||||||||eng|d | ||
| 082 | 0 | 4 | |a 428.8 |b POY |2 21 |
| 100 | 0 | |a Poynton, Cate |e author |9 316075 | |
| 245 | 1 | 0 | |a Language and gender: making the difference |
| 300 | |a 104 p | ||
| 942 | |c BK | ||
| 945 | |d 19900103 00:00:00 | ||
| 260 | |a Oxford |b Oxford University |c 1989 | ||
| 650 | 7 | |a INGLES ENSEÑANZA |2 CL-VaPUC |9 313261 | |
| 650 | 7 | |a LENGUAJE Y LENGUAS DIFERENCIAS SEXUALES |2 CL-VaPUC |9 316076 | |
| 583 | |a last modification |c 19900103 00:00:00 |k Rodrigo Vera | ||
| 490 | 0 | |a Language education | |
| 999 | |c 222187 |d 222185 | ||
| 952 | |0 0 |1 0 |4 0 |6 428_800000000000000_POY_1989 |7 0 |8 A |9 216589 |a FDOPOS |b FDOPOS |d 2019-11-15 |i 2852179 |o 428.8 POY 1989 |p 2852179 |r 2025-01-22 |w 2019-11-15 |y BK |k MLA | ||